00886nam a2200205 a 450000500170000000800410001704000250005804100080008304400070009108200220009811000640012024501630018426000850034730000640043265000180049665000270051466200300054170000550057170000540062620180803165318.0160129t2007 ck ao fr|||| 00| 0 spa d aCO-BoIAVHcCO-BoIAVH0 aspa ack04a570.0986152bC82a2 aCorporación Autónoma Regional del Valle del Cauca - CVC10aAvances en la implementación del plan de acción en biodiversidad del Valle del Cauca :bAgenda de investigación en biodiversidad, Vertebrados amenazados aSantiago de Cali:bCorporación Autónoma Regional del Valle del Cauca,c2007. a66 páginas :bIlustraciones, fotografías ;c21 x 14 cm.16aBiodiversidad26aEcosistemas amenazados aColombiacValle del Cauca1 aCastillo-Crespo, Luz StellaeEditora y compiladora1 aGonzález Anaya, MaribelleEditora y compiladora